| 000 | 00000nam##2200000za#4500 |
| 001 | 9.607922 |
| 003 | CaOODSP |
| 005 | 20210624213352 |
| 007 | cr ||||||||||| |
| 008 | 150406|2014||||xxc|||||o f|0| 0 fre|d |
| 020 | |a978-0-660-22925-6 |
| 040 | |aCaOODSP|bfre |
| 043 | |an-cn--- |
| 086 | 1 |aEm7-1/5-1-2014F-PDF |
| 110 | 1 |aCanada. |bEmploi et développement social Canada. |bProgramme du travail. |
| 245 | 10|aCongé de soignant|h[ressource électronique] |
| 260 | |aGatineau - Québec : |bEmploi et Développement social Canada. |cc2014. |
| 300 | |a5p. |
| 490 | 1 |aRenseignements sur les normes du travail|v5A |
| 590 | |a15-04|b2015-01-23 |
| 691 | 07|aCongé|2gcpds |
| 775 | 08|tCompassionate care leave|w(CaOODSP)9.581055 |
| 830 | #0|aRenseignements sur les normes du travail ;|v5A|w(CaOODSP)9.501335 |
| 856 | 40|ahttp://publications.gc.ca|qPDF|s362 Ko|uhttps://publications.gc.ca/collections/collection_2015/edsc-esdc/Em7-1-5-1-2014-fra.pdf|y5A |
| 986 | |aLT-172-10-14F |